Неклассическая концепция рациональности к становлению подхода; Философские проблемы воспитания молодежи

Bibliographic Details
Parent link:Философские проблемы воспитания молодежи.— 2002.— С. 34-39
Main Author: Корниенко А. А. Алла Александровна
Other Authors: Погукаева Н. В. Наталия Вячеславовна
Language:Russian
Published: 2002
Subjects:
Format: Book Chapter
KOHA link:https://koha.lib.tpu.ru/cgi-bin/koha/opac-detail.pl?biblionumber=91546

MARC

LEADER 00000naa2a2200000 4500
001 91546
005 20240214103451.0
035 |a (RuTPU)RU\TPU\book\98134 
090 |a 91546 
100 |a 20060227d2002 k y0rusy50 ca 
101 0 |a rus 
102 |a RU 
200 1 |a Неклассическая концепция рациональности к становлению подхода  |f А. А. Корниенко, Н. В. Погукаева 
463 0 |0 (RuTPU)RU\TPU\book\68511  |t Философские проблемы воспитания молодежи  |o труды межрегиональной научно-практической конференции, 25 ноября 2002 года, Юрга  |f Томский политехнический университет; Юргинский филиал; Кемеровский государственный университет  |v С. 34-39  |d 2002  |p 242 с. 
610 1 |a рациональность 
610 1 |a неклассические концепции 
610 1 |a интуиция 
610 1 |a научное знание 
610 1 |a труды учёных ТПУ 
700 1 |a Корниенко  |b А. А.  |c российский философ  |c профессор Томского политехнического университета  |c заведующая кафедрой философии  |f 1941-  |g Алла Александровна  |3 (RuTPU)RU\TPU\pers\21967  |9 9286 
701 1 |a Погукаева  |b Н. В.  |c философ  |c доцент Томского политехнического университета, кандидат философских наук  |f 1980-  |g Наталия Вячеславовна  |3 (RuTPU)RU\TPU\pers\25849  |9 11718 
801 1 |a RU  |b 63413507  |c 20060227  |g PSBO 
801 2 |a RU  |b 63413507  |c 20160512  |g PSBO 
942 |c BK